|
|
|
|
| LEADER |
01141nam a22003012a 4500 |
| 001 |
001086535 |
| 003 |
CZ BrMZK |
| 005 |
20180220090619.0 |
| 007 |
ta |
| 008 |
100211s1940 xr er|||||||||||cze d |
| 015 |
|
|
|a cnb000807619
|
| 035 |
|
|
|a (OCoLC)85640453
|
| 040 |
|
|
|a ABA001
|b cze
|c LIA001
|d ABA001
|d BOA001
|
| 041 |
1 |
|
|a cze
|h ger
|
| 100 |
0 |
|
|a Novalis,
|d 1772-1801
|7 jn19990006176
|4 aut
|
| 245 |
1 |
0 |
|a Hyacint a Růženka :
|b pohádka z nedokončeného románu Učedníci sajští /
|c Novalis ; vyzdobil Jan Konůpek ; reprodukoval Karel Janout
|
| 260 |
|
|
|a V Rakovníku :
|b J.A. Verner,
|c 1940
|e (ve Velkém Meziříčí na Moravě :
|f Jan Mucha)
|
| 300 |
|
|
|a 18, [II] s. ;
|c 8°
|
| 490 |
1 |
|
|a Sen života
|
| 500 |
|
|
|a K památnému dni 22. dubna léta Páně 1940
|
| 500 |
|
|
|a Přeloženo z němčiny
|
| 830 |
|
0 |
|a Sen života
|
| 910 |
|
|
|a BOA001
|b DEML-0645.807
|b 1-0156.919
|
| 990 |
|
|
|a BK
|
| 993 |
|
|
|a Y
|
| 991 |
|
|
|b 201002
|
| 996 |
6 |
|
|b 2618916989
|c 1-0156.919
|l MZK
|r Sklad / do 1 hodiny
|n 0
|w 001110201
|u 000020
|a 1
|e BOA001
|j MZK50
|s P
|
| 996 |
6 |
|
|b 2619365484
|c DEML-0645.807
|l MZK
|r Sklad / do 24 hodin
|n 1
|w 001110201
|u 000010
|a 1
|e BOA001
|j MZK50
|s P
|